000 01635nam a2200229Ia 4500
003 Ost
005 20260507075708.0
008 260507s9999||||xx |||||||||||||| ||und||
020 _a9789947782477
040 _cfsecg
041 _aara
082 _a350.722
100 _aقدي، عبد المجيد
_eمؤلف
_912
245 0 _aالموازنة العامة للدولة والسياسات الاقتصادية :
_bمناهج، تجديد و اتجاهات معاصرة /
_c عبد المجيد قدي
260 _aتلمسان:
_bالنشر الجامعي الجديد,
_c2022
300 _a467 صفحة؛
_bإيضاحات ؛
_c24 سم
504 _aمراجع
520 _aالموازنة العامة للدولة : المبادئ و الاعداد و التنفيذ، الموازنة العامة و نشاطات الدولة ، الاطار القانوني للموازنة العامة ، موازنة البنود ، موازنة البرامج و الأداء ، موازنة التخطيط و البرمجة ، الموازنة الصفرية، الموازنة التعاقدية ، موازنة الجماعات المحلية ، ترشيد النفقات العامة و الانضباط المالي، شفلفية الموازنة العامة ، عجز الموازنة العامة و أساليب العلاج ، الاستدامة الموازنية(المالية)، الصناديق السياديةو الموازنة العامة ، أداء الموازنة العامة و مؤشرات قياسه.
653 _aالميزانية
653 _aالنفقات العامة
942 _cكتاب
999 _c45880
_d45880